[Event "Arad op 9th"]
[Site "Arad"]
[Date "2016.08.10"]
[Round "7"]
[White "Velikic, Adela"]
[Black "Lovas, Miklos"]
[Result "1-0"]
[WhiteElo "2258"]
[BlackElo "2071"]
[PlyCount "103"]
[EventDate "2016.08.06"]
[EventType "swiss"]
[EventRounds "9"]
[EventCountry "ROU"]
[SourceTitle "CBM 173 Extra"]
[Source "ChessBase"]
[SourceDate "2016.08.29"]
[SourceVersion "1"]
[SourceVersionDate "2016.08.29"]
[SourceQuality "1"]

1. e4 d5 2. exd5 Qxd5 3. Nf3 Nf6 4. Be2 e6 5. 0-0 Be7 6. d4 0-0 7. c4 Qd8 8. Nc3 c6 9. Bf4 Bd6 10. Ne5 Qc7 11. c5 Bxe5 12. Bxe5 Qd8 13. Bd3 Nbd7 14. Bd6 Re8 15. Re1 Nd5 16. Qh5 N7f6 17. Qh4 h6 18. Rad1 b6 19. Qg3 bxc5 20. dxc5 a5 21. Be5 Ba6 22. Bc2 Nh5 23. Qf3 Nhf6 24. Ne4 Nxe4 25. Qxe4 f5 26. Qf3 Qe7 27. Bd4 Qg5 28. Re5 Rad8 29. Ba4 Bb5 30. Bxb5 cxb5 31. Rde1 Kf7 32. h3 Nb4 33. Bc3 Nd3 34. Qb7+ Re7 35. Qxb5 Nxe5 36. Bxe5 Rd5 37. Qxa5 Rxe5 38. Rxe5 Qc1+ 39. Re1 Qxb2 40. a4 Qc2 41. Qb5 Qc3 42. Re3 Qc1+ 43. Kh2 Qd2 44. Re2 Qf4+ 45. g3 Qf3 46. Qc4 Kg8 47. Rc2 Kh7 48. c6 Rc7 49. Qxe6 Qd3 50. Qc4 Qf3 51. Qf4 Qd3 52. Rd2 1-0

[Event "HUN-chT2 Maroczy 1516"]
[Site "Hungary"]
[Date "2016.02.28"]
[Round "6.9"]
[White "Feher, Laszlo"]
[Black "Lovas, Miklos"]
[Result "1/2-1/2"]
[WhiteElo "2094"]
[BlackElo "2042"]
[PlyCount "27"]
[EventDate "2015.10.18"]
[EventType "team-tourn"]
[EventRounds "9"]
[EventCountry "HUN"]
[SourceTitle "EXT 2017"]
[Source "ChessBase"]
[SourceDate "2016.10.25"]
[SourceVersion "1"]
[SourceVersionDate "2016.10.25"]
[SourceQuality "1"]
[WhiteTeam "Dunaharaszti II"]
[BlackTeam "Penzugyor"]
[WhiteTeamCountry "HUN"]
[BlackTeamCountry "HUN"]

1. c4 e6 2. d4 d5 3. Nc3 c5 4. cxd5 exd5 5. Nf3 Nc6 6. Bg5 Be7 7. Bxe7 Ngxe7 8. dxc5 d4 9. Ne4 0-0 10. Qa4 Qd5 11. Nd6 Qxc5 12. Nxc8 Raxc8 13. a3 Qb6 14. b4 1/2-1/2

[Event "HUN-chT2 Maroczy 1516"]
[Site "Hungary"]
[Date "2015.11.29"]
[Round "3.11"]
[White "Lovas, Miklos"]
[Black "Fekete, Agnes"]
[Result "1/2-1/2"]
[WhiteElo "2042"]
[BlackElo "1820"]
[PlyCount "63"]
[EventDate "2015.10.18"]
[EventType "team-tourn"]
[EventRounds "9"]
[EventCountry "HUN"]
[SourceTitle "CBM 170 Extra"]
[Source "ChessBase"]
[SourceDate "2016.02.25"]
[SourceVersion "1"]
[SourceVersionDate "2016.02.25"]
[SourceQuality "1"]
[WhiteTeam "Penzugyor"]
[BlackTeam "Kisujszallas"]
[WhiteTeamCountry "HUN"]
[BlackTeamCountry "HUN"]

1. e4 c5 2. Nf3 d6 3. d4 cxd4 4. Nxd4 Nf6 5. Nc3 e6 6. Be2 a6 7. a3 Be7 8. Be3 0-0 9. 0-0 Nc6 10. f4 Qc7 11. Bf3 Nxd4 12. Bxd4 e5 13. fxe5 dxe5 14. Bf2 Bc5 15. Qe2 Bxf2+ 16. Qxf2 Bg4 17. Bxg4 Nxg4 18. Nd5 Qc4 19. Qf3 Nh6 20. Ne3 Qe6 21. Kh1 Rad8 22. Rad1 Rd4 23. Rxd4 exd4 24. Nf5 Nxf5 25. exf5 Qc6 26. Qxc6 bxc6 27. Rd1 Rd8 28. b4 Kf8 29. c3 d3 30. Kg1 d2 31. Kf2 Rd3 32. Ke2 1/2-1/2

[Event "Senta op 19th"]
[Site "Senta"]
[Date "2015.07.18"]
[Round "9"]
[White "Bratkovic, Sham"]
[Black "Lovas, Miklos"]
[Result "1/2-1/2"]
[WhiteElo "2152"]
[BlackElo "2029"]
[PlyCount "57"]
[EventDate "2015.07.11"]
[EventType "swiss"]
[EventRounds "9"]
[EventCountry "SRB"]
[SourceTitle "EXT 2016"]
[Source "ChessBase"]
[SourceDate "2015.10.08"]
[SourceVersion "1"]
[SourceVersionDate "2015.10.08"]
[SourceQuality "1"]

1. Nf3 d5 2. e3 c5 3. b3 Nf6 4. Bb2 e6 5. Ne5 Nbd7 6. Bb5 Be7 7. 0-0 0-0 8. f4 a6 9. Bxd7 Bxd7 10. d3 Rc8 11. Nd2 Bc6 12. Rf3 Nd7 13. Rg3 Bf6 14. Qg4 g6 15. Ndf3 d4 16. e4 Qc7 17. Nxd7 Qxd7 18. Rf1 Bg7 19. Ng5 f5 20. Qh4 h6 21. Nh3 Kh7 22. e5 Qd8 23. Ng5+ Kg8 24. Nf3 Bxf3 25. Qxd8 Rfxd8 26. Rgxf3 Rd5 27. h4 h5 28. a4 b6 29. Ra1 1/2-1/2

[Event "Senta op 19th"]
[Site "Senta"]
[Date "2015.07.13"]
[Round "4"]
[White "Vranic, Ljubomir"]
[Black "Lovas, Miklos"]
[Result "1/2-1/2"]
[WhiteElo "2213"]
[BlackElo "2029"]
[PlyCount "84"]
[EventDate "2015.07.11"]
[EventType "swiss"]
[EventRounds "9"]
[EventCountry "SRB"]
[SourceTitle "EXT 2016"]
[Source "ChessBase"]
[SourceDate "2015.10.08"]
[SourceVersion "1"]
[SourceVersionDate "2015.10.08"]
[SourceQuality "1"]

1. d4 d5 2. c4 e6 3. Nc3 c5 4. cxd5 exd5 5. Nf3 Nc6 6. dxc5 d4 7. Ne4 Bf5 8. Ng3 Bg6 9. a3 Bxc5 10. b4 Bb6 11. b5 Na5 12. Ne5 Qe7 13. Nxg6 hxg6 14. Qd3 Nf6 15. Bd2 Rc8 16. e4 dxe3 17. Bxe3 Ng4 18. Be2 Nxe3 19. fxe3 Bxe3 20. Ne4 Bf4 21. g3 Be5 22. Rd1 0-0 23. 0-0 f5 24. Nf2 Rfd8 25. Qe3 b6 26. Rxd8+ Rxd8 27. Rd1 Rxd1+ 28. Bxd1 Qd6 29. Be2 Bd4 30. Qe8+ Kh7 31. Kg2 Bxf2 32. Kxf2 Qxa3 33. h4 Qc5+ 34. Kg2 Qd5+ 35. Bf3 Qd2+ 36. Kh3 Qf2 37. Bd5 Qf1+ 38. Bg2 Qd1 39. Qe6 Nb3 40. Bd5 Qf1+ 41. Kh2 Qf2+ 42. Kh3 Qf1+ 1/2-1/2

[Event "HUN-chT2 Erkel 1415"]
[Site "Hungary"]
[Date "2015.03.01"]
[Round "7.11"]
[White "Lovas, Miklos"]
[Black "Berta, Sandor Martin"]
[Result "0-1"]
[WhiteElo "1995"]
[BlackElo "2009"]
[PlyCount "82"]
[EventDate "2014.09.28"]
[EventType "team-tourn"]
[EventRounds "9"]
[EventCountry "HUN"]
[SourceTitle "EXT 2016"]
[Source "ChessBase"]
[SourceDate "2015.10.08"]
[SourceVersion "1"]
[SourceVersionDate "2015.10.08"]
[SourceQuality "1"]
[WhiteTeam "HASE"]
[BlackTeam "Budapest MTK"]
[WhiteTeamCountry "HUN"]
[BlackTeamCountry "HUN"]

1. e4 c5 2. Nf3 Nc6 3. d4 cxd4 4. Nxd4 Qb6 5. Nb3 Nf6 6. Nc3 e6 7. Be3 Qc7 8. a3 a6 9. f4 d6 10. Be2 Be7 11. Bf3 b5 12. Qe2 Bb7 13. 0-0 0-0 14. Kh1 Rac8 15. g4 b4 16. axb4 Nxb4 17. Ra4 d5 18. e5 Ne4 19. Bd4 Bc6 20. Ra5 Nxc3 21. bxc3 Bb5 22. Rxb5 axb5 23. cxb4 Bxb4 24. Qxb5 Rb8 25. Qd3 Rfc8 26. Bd1 Bc3 27. Rf3 Bxd4 28. Qxd4 Qd8 29. Rh3 Rc4 30. Qd3 g6 31. Qd2 Rbb4 32. c3 Ra4 33. Nd4 Ra1 34. Nc2 Ra2 35. f5 Qf8 36. f6 Re4 37. Qg5 Rxc2 38. Bxc2 Re1+ 39. Kg2 Re2+ 40. Kg1 Qc5+ 41. Kh1 Qf2 0-1

[Event "HUN-chT2 Maroczy 1314"]
[Site "Hungary"]
[Date "2014.04.27"]
[Round "11"]
[White "Egyed, Judit"]
[Black "Lovas, Miklos"]
[Result "1-0"]
[WhiteElo "1873"]
[BlackElo "1983"]
[PlyCount "83"]
[EventDate "2013.09.08"]
[EventType "team-tourn"]
[EventRounds "11"]
[EventCountry "HUN"]
[SourceTitle "EXT 2016"]
[Source "ChessBase"]
[SourceDate "2015.10.08"]
[SourceVersion "1"]
[SourceVersionDate "2015.10.08"]
[SourceQuality "1"]
[WhiteTeam "Kisujszallas"]
[BlackTeam "Penzugyor II"]
[WhiteTeamCountry "HUN"]
[BlackTeamCountry "HUN"]

1. e4 d5 2. exd5 Qxd5 3. Nc3 Qa5 4. d4 c6 5. Nf3 Nf6 6. Ne5 Nbd7 7. f4 Ne4 8. Qf3 Nxc3 9. Bd2 Nxe5 10. fxe5 e6 11. a3 Qd5 12. Qxc3 Bd7 13. 0-0-0 Qa2 14. Be3 b5 15. Qb3 Qxb3 16. cxb3 b4 17. a4 Be7 18. Kb1 0-0 19. Rc1 a5 20. Bd3 f6 21. Be4 Rac8 22. Rc2 fxe5 23. dxe5 c5 24. Rhc1 Bc6 25. Bxc6 Rxc6 26. Bxc5 Bxc5 27. Rxc5 Rxc5 28. Rxc5 Rf1+ 29. Ka2 Rf2 30. Rxa5 Rxg2 31. Rb5 Rxh2 32. a5 Rc2 33. Rxb4 Rc7 34. a6 Kf8 35. Rb8+ Ke7 36. Rb7 Kd7 37. a7 Rxb7 38. a8Q Rc7 39. Qg8 Rc5 40. Qf7+ Kc6 41. Qxe6+ Kb5 42. Qd7+ 1-0

[Event "HUN-chT2 Maroczy 1314"]
[Site "Hungary"]
[Date "2014.02.02"]
[Round "6"]
[White "Lovas, Miklos"]
[Black "Tanacs, Anna"]
[Result "0-1"]
[WhiteElo "1983"]
[BlackElo "2063"]
[PlyCount "42"]
[EventDate "2013.09.08"]
[EventType "team-tourn"]
[EventRounds "11"]
[EventCountry "HUN"]
[SourceTitle "EXT 2016"]
[Source "ChessBase"]
[SourceDate "2015.10.08"]
[SourceVersion "1"]
[SourceVersionDate "2015.10.08"]
[SourceQuality "1"]
[WhiteTeam "Penzugyor II"]
[BlackTeam "Toth Laszlo"]
[WhiteTeamCountry "HUN"]
[BlackTeamCountry "HUN"]

1. e4 c6 2. d4 d5 3. exd5 cxd5 4. Bd3 Nc6 5. c3 Qc7 6. h3 e6 7. Nf3 Bd6 8. Qe2 Nge7 9. 0-0 Ng6 10. Re1 0-0 11. Qc2 Rb8 12. a4 Bd7 13. Be3 Rfc8 14. Rc1 Na5 15. Nbd2 b5 16. axb5 Bxb5 17. Bxb5 Rxb5 18. Qa4 Qb7 19. b4 Nc6 20. Nb3 Nf4 21. Rd1 Ne2+ 0-1

[Event "Budapest Art Pub Cup 3rd"]
[Site "Budapest"]
[Date "2014.01.03"]
[Round "3"]
[White "Lovas, Miklos"]
[Black "Szakaly, Botond"]
[Result "1-0"]
[WhiteElo "1991"]
[BlackElo "1584"]
[PlyCount "115"]
[EventDate "2014.01.02"]
[EventType "swiss"]
[EventRounds "7"]
[EventCountry "HUN"]
[SourceTitle "CBM 158 Extra"]
[Source "ChessBase"]
[SourceDate "2014.02.28"]
[SourceVersion "1"]
[SourceVersionDate "2014.02.28"]
[SourceQuality "1"]

1. e4 e5 2. Nf3 Nf6 3. Nc3 Nc6 4. Bc4 Bb4 5. d3 d6 6. a3 Ba5 7. Bg5 Bg4 8. b4 Bb6 9. Nd5 Nd4 10. Bxf6 gxf6 11. c3 Nxf3+ 12. gxf3 Bh3 13. Rg1 c6 14. Nxb6 axb6 15. Qb3 Kf8 16. Bxf7 Qe7 17. Bh5 Be6 18. Qb2 f5 19. Qd2 f4 20. Bg4 Rg8 21. Kf1 Bxg4 22. Rxg4 Rxg4 23. fxg4 Qh4 24. f3 Qh3+ 25. Qg2 Qh6 26. Qf2 Rb8 27. Kg2 b5 28. a4 Ra8 29. a5 Qe6 30. Qb6 Qc8 31. Rd1 Kf7 32. Qf2 Qe6 33. d4 h5 34. h3 Qb3 35. Qd2 b6 36. dxe5 bxa5 37. Qxf4+ Ke8 38. e6 Qxe6 39. bxa5 Rxa5 40. Qxd6 Ra2+ 41. Kg3 Qxd6+ 42. Rxd6 hxg4 43. hxg4 c5 44. Rd5 b4 45. Rxc5 b3 46. Rb5 b2 47. g5 Ke7 48. f4 Kd6 49. Kg4 Ke6 50. c4 Kd6 51. g6 Ke7 52. f5 Ra4 53. Rxb2 Rxc4 54. Kf4 Kf6 55. Rb6+ Kg7 56. Kg5 Rc1 57. f6+ Kf8 58. Rb8+ 1-0

[Event "SVK-ch op"]
[Site "Banska Stiavnica"]
[Date "2013.07.13"]
[Round "8"]
[White "Lovas, Miklos"]
[Black "Jurcisin, Imrich"]
[Result "1/2-1/2"]
[WhiteElo "1975"]
[BlackElo "2046"]
[PlyCount "66"]
[EventDate "2013.07.06"]
[EventType "swiss"]
[EventRounds "9"]
[EventCountry "SVK"]
[SourceTitle "CBM 155 Extra"]
[Source "ChessBase"]
[SourceDate "2013.08.26"]
[SourceVersion "1"]
[SourceVersionDate "2013.08.26"]
[SourceQuality "1"]

1. e4 d5 2. exd5 Nf6 3. Bb5+ Bd7 4. Bc4 Bg4 5. f3 Bf5 6. Nc3 Nbd7 7. Qe2 Nb6 8. Bb3 Qd7 9. Qe5 0-0-0 10. Ne4 Bxe4 11. fxe4 Qg4 12. Qf5+ Qxf5 13. exf5 Nbxd5 14. Nf3 e6 15. fxe6 Re8 16. 0-0 Rxe6 17. d4 c6 18. Ne5 Re7 19. Bg5 Rc7 20. Bxd5 cxd5 21. c3 Ne4 22. Bf4 f6 23. Nd3 Rd7 24. Rae1 Bd6 25. Bxd6 Rxd6 26. Nc5 Nxc5 27. dxc5 Rc6 28. Re7 Rc7 29. Rfe1 Rd8 30. Kf2 Rxe7 31. Rxe7 Rd7 32. Re8+ Rd8 33. Re7 Rd7 1/2-1/2

[Event "Budapest-chT1 Lilienthal 1213"]
[Site "Budapest"]
[Date "2013.02.24"]
[Round "8"]
[White "Lovas, Miklos"]
[Black "Zoldy, Robert"]
[Result "1/2-1/2"]
[WhiteElo "1956"]
[BlackElo "1957"]
[PlyCount "34"]
[EventDate "2012.09.30"]
[EventType "team-tourn"]
[EventRounds "11"]
[EventCountry "HUN"]
[SourceTitle "EXT 2019"]
[Source "ChessBase"]
[SourceDate "2018.10.10"]
[SourceVersion "1"]
[SourceVersionDate "2018.10.10"]
[SourceQuality "1"]
[WhiteTeam "Penzugyor III"]
[BlackTeam "Budapest Ujpest KSE"]
[WhiteTeamCountry "HUN"]
[BlackTeamCountry "HUN"]

1. e4 e5 2. Nf3 Nc6 3. Bc4 Nf6 4. d4 exd4 5. 0-0 Nxe4 6. Re1 d5 7. Bxd5 Qxd5 8. Nc3 Qa5 9. Nxe4 Be7 10. Bg5 Be6 11. Bxe7 Nxe7 12. Qxd4 0-0 13. Qc5 Nc6 14. Qxa5 Nxa5 15. Nd4 Rae8 16. Nxe6 Rxe6 17. Ng5 Rxe1+ 1/2-1/2

[Event "HUN-chT U18"]
[Site "Budapest"]
[Date "2012.10.28"]
[Round "1.15"]
[White "Lovas, Miklos"]
[Black "Devald, Tamas"]
[Result "1-0"]
[WhiteElo "1943"]
[BlackElo "1415"]
[PlyCount "53"]
[EventDate "2012.10.28"]
[EventType "team-swiss"]
[EventRounds "8"]
[EventCountry "HUN"]
[SourceTitle "EXT 2020"]
[Source "ChessBase"]
[SourceDate "2019.10.17"]
[SourceVersion "1"]
[SourceVersionDate "2019.10.17"]
[SourceQuality "1"]

1. e4 c5 2. Nf3 Nc6 3. d4 cxd4 4. Nxd4 g6 5. Nc3 Bg7 6. Be3 Nf6 7. Be2 0-0 8. 0-0 d5 9. exd5 Nxd5 10. Nxd5 Qxd5 11. Nxc6 Qxc6 12. c3 Be6 13. Bf3 Qc7 14. Qc2 Rfd8 15. Rfd1 Rxd1+ 16. Rxd1 a6 17. a3 Rc8 18. Qe4 b5 19. Qb7 Qa5 20. Qxe7 Rf8 21. h3 Qa4 22. Rd8 Qa5 23. Rxf8+ Bxf8 24. Qe8 Qc7 25. Bh6 Qd6 26. b4 Bd7 27. Bxf8 1-0

[Event "Budapest-chT1 Lilienthal 1213"]
[Site "Budapest"]
[Date "2012.09.30"]
[Round "1"]
[White "Lovas, Miklos"]
[Black "Csillag, Janos"]
[Result "1-0"]
[WhiteElo "1956"]
[BlackElo "1925"]
[PlyCount "83"]
[EventDate "2012.09.30"]
[EventType "team-tourn"]
[EventRounds "11"]
[EventCountry "HUN"]
[SourceTitle "EXT 2019"]
[Source "ChessBase"]
[SourceDate "2018.10.10"]
[SourceVersion "1"]
[SourceVersionDate "2018.10.10"]
[SourceQuality "1"]
[WhiteTeam "Penzugyor III"]
[BlackTeam "Taban Spartacus II"]
[WhiteTeamCountry "HUN"]
[BlackTeamCountry "HUN"]

1. e4 c5 2. Nf3 d6 3. d4 cxd4 4. Nxd4 Nf6 5. Nc3 a6 6. Be2 e5 7. Nb3 Be6 8. Be3 Nbd7 9. 0-0 Rc8 10. f3 Be7 11. a4 0-0 12. Bd3 Kh8 13. Ne2 d5 14. exd5 Nxd5 15. Bf2 f5 16. Ng3 Nb4 17. Re1 Qc7 18. Nd2 g6 19. Rc1 Rfd8 20. Ne2 Nd5 21. c3 Bc5 22. Rf1 Bxf2+ 23. Rxf2 Ne3 24. Qe1 Nf6 25. Bc2 Qb6 26. Nf1 Nfd5 27. Nxe3 Nxe3 28. Ng3 f4 29. Nf1 Qxb2 30. Bf5 Qxc1 31. Qxc1 Rd1 32. Bxe6 Rc6 33. Qxd1 Nxd1 34. Bd5 Rf6 35. Rd2 Nxc3 36. Bxb7 Rb6 37. Rd8+ Kg7 38. Rd7+ Kf6 39. a5 Re6 40. Rc7 Ne2+ 41. Kf2 Nd4 42. Nd2 1-0

[Event "HUN-chT2 Erkel 1112"]
[Site "Hungary"]
[Date "2012.03.12"]
[Round "7.12"]
[White "Frank, Jozsef"]
[Black "Lovas, Miklos"]
[Result "1-0"]
[WhiteElo "1977"]
[BlackElo "1806"]
[PlyCount "97"]
[EventDate "2011.09.25"]
[EventType "team-tourn"]
[EventRounds "11"]
[EventCountry "HUN"]
[SourceTitle "EXT 2013"]
[Source "ChessBase"]
[SourceDate "2012.11.22"]
[SourceVersion "1"]
[SourceVersionDate "2012.11.22"]
[SourceQuality "1"]
[WhiteTeam "Dunaharaszti"]
[BlackTeam "Honved II"]
[WhiteTeamCountry "HUN"]
[BlackTeamCountry "HUN"]

1. d4 d5 2. Nf3 Nf6 3. g3 Bf5 4. Bg2 e6 5. 0-0 Bd6 6. b3 0-0 7. Bb2 c5 8. Nbd2 Nc6 9. c4 cxd4 10. cxd5 exd5 11. Nxd4 Nxd4 12. Bxd4 Ne4 13. Nf3 Be7 14. Qc1 Bf6 15. Qb2 Bxd4 16. Qxd4 Nf6 17. Rfd1 Qe7 18. Rd2 b6 19. Qe5 Qxe5 20. Nxe5 Rac8 21. Bxd5 Rc5 22. Rad1 g6 23. Nc4 Re8 24. Nd6 Re7 25. Nxf5 gxf5 26. Bf3 Rec7 27. Kg2 Rc2 28. h4 Kg7 29. Rxc2 Rxc2 30. a4 Rb2 31. Rd3 Ne4 32. Bxe4 fxe4 33. Re3 f5 34. f3 exf3+ 35. Kxf3 Kf6 36. Rc3 a5 37. Rc6+ Ke5 38. Rxb6 h5 39. e3 Rb1 40. Rb5+ Kf6 41. Rxa5 Rxb3 42. Ra6+ Ke5 43. a5 Ra3 44. Ra8 Ra1 45. a6 Kf6 46. a7 Kg7 47. Kf4 Ra5 48. Kg5 Kh7 49. Kf6 1-0

[Event "Budapest-chT1 Lilienthal 1112"]
[Site "Budapest"]
[Date "2012.02.26"]
[Round "8"]
[White "Katona, Gabor Zsolt"]
[Black "Lovas, Miklos"]
[Result "0-1"]
[WhiteElo "1905"]
[BlackElo "1806"]
[PlyCount "56"]
[EventDate "2011.10.02"]
[EventType "team-tourn"]
[EventRounds "11"]
[EventCountry "HUN"]
[SourceTitle "EXT 2020"]
[Source "ChessBase"]
[SourceDate "2019.10.17"]
[SourceVersion "1"]
[SourceVersionDate "2019.10.17"]
[SourceQuality "1"]
[WhiteTeam "Taban Spartacus II"]
[BlackTeam "Budapest Honved III"]
[WhiteTeamCountry "HUN"]
[BlackTeamCountry "HUN"]

1. e4 d5 2. exd5 Qxd5 3. Nc3 Qa5 4. d4 Nf6 5. Nf3 c6 6. Be2 Bf5 7. 0-0 e6 8. a3 Bd6 9. Bd2 Qc7 10. Be3 Ng4 11. h3 Nxe3 12. fxe3 h6 13. Bd3 Bxd3 14. Qxd3 Nd7 15. Ne4 Be7 16. c4 0-0 17. Rad1 Rad8 18. Qc2 e5 19. Rd2 f5 20. Nc3 e4 21. Ne1 Qg3 22. Nd1 Bd6 23. c5 Qh2+ 24. Kf2 f4 25. cxd6 fxe3+ 26. Kxe3 Rxf1 27. Qc4+ Rf7 28. Rf2 Nf6 0-1